[Event "LSS No Engine Cup 231 Preliminary 0"]
[Site "LSS email"]
[Date "2022.11.22"]
[Round "?"]
[White "Wuttke, Bodo"]
[Black "Borkovec, Milan"]
[Result "1/2-1/2"]
[WhiteElo "2193"]
[BlackElo "2158"]
[PlyCount "123"]
[EventDate "2022.11.22"]
[EventType "tourn (corr)"]
[EventRounds "6"]
[EventCountry "GER"]
[SourceTitle "Corr 2024"]
[Source "ChessBase"]
[SourceDate "2023.10.19"]
[SourceVersion "1"]
[SourceVersionDate "2023.10.19"]
[SourceQuality "1"]

1. d4 Nf6 2. c4 g6 3. Nc3 Bg7 4. e4 d6 5. h3 0-0 6. Nf3 e5 7. d5 a5 8. Be3 Na6 9. g4 Nd7 10. a3 Nac5 11. Rg1 a4 12. Nd2 c6 13. Qc2 cxd5 14. cxd5 b6 15. 0-0-0 Ba6 16. Bxa6 Rxa6 17. Kb1 b5 18. Nxb5 Qb8 19. Nc3 Rc8 20. Rc1 Rc7 21. h4 Rb7 22. Na2 Bf8 23. h5 Rab6 24. Nc4 Rb3 25. hxg6 hxg6 26. Rgd1 Be7 27. Ka1 Rxe3 28. fxe3 Nb3+ 29. Kb1 Nxc1 30. Rxc1 Nc5 31. Rh1 Qc7 32. Nb4 Bf8 33. Ka2 Bg7 34. g5 Rb8 35. Rf1 Qd7 36. Qg2 Rb5 37. Qf3 Rb7 38. Nc6 Qc7 39. Qg4 Qd7 40. Qxd7 Rxd7 41. Rc1 Bf8 42. Nb6 Rb7 43. Rxc5 dxc5 44. Nxa4 Kg7 45. Nxe5 Re7 46. Nc4 Rxe4 47. Nab6 f6 48. gxf6+ Kxf6 49. d6 Re8 50. a4 Rd8 51. d7 g5 52. a5 g4 53. a6 g3 54. Nd2 g2 55. Nf3 c4 56. a7 Bc5 57. a8Q Rxa8+ 58. Nxa8 Ke7 59. Nc7 Kxd7 60. Nd5 Kd6 61. Nf4 Bxe3 62. Nxg2 1/2-1/2

[Event "LSS No Engine Cup 224 Final"]
[Site "LSS email"]
[Date "2022.09.23"]
[Round "?"]
[White "Sheers, Matthew"]
[Black "Wuttke, Bodo"]
[Result "1/2-1/2"]
[WhiteElo "2286"]
[BlackElo "2166"]
[PlyCount "47"]
[EventDate "2022.09.23"]
[EventType "tourn (corr)"]
[EventRounds "6"]
[EventCountry "GER"]
[SourceTitle "Corr 2024"]
[Source "ChessBase"]
[SourceDate "2023.10.19"]
[SourceVersion "1"]
[SourceVersionDate "2023.10.19"]
[SourceQuality "1"]

1. d4 Nf6 2. Nf3 e6 3. e3 d5 4. Bd3 c5 5. c3 b6 6. 0-0 Be7 7. Nbd2 Bb7 8. Re1 0-0 9. e4 dxe4 10. Nxe4 cxd4 11. Nxf6+ Bxf6 12. Nxd4 Bxd4 13. cxd4 Nc6 14. Be4 Na5 15. Bxb7 Nxb7 16. Qg4 Qf6 17. h3 h6 18. Bd2 Rad8 19. Re5 Nc5 20. Bxh6 Qxh6 21. dxc5 Rd2 22. cxb6 Qf6 23. Qg3 axb6 24. Rb1 1/2-1/2

[Event "LSS No Engine Cup 224 Final"]
[Site "LSS email"]
[Date "2022.09.23"]
[Round "?"]
[White "Wuttke, Bodo"]
[Black "Vio, Mauro"]
[Result "1-0"]
[WhiteElo "2166"]
[BlackElo "2145"]
[PlyCount "131"]
[EventDate "2022.09.23"]
[EventType "tourn (corr)"]
[EventRounds "6"]
[EventCountry "GER"]
[SourceTitle "Corr 2024"]
[Source "ChessBase"]
[SourceDate "2023.10.19"]
[SourceVersion "1"]
[SourceVersionDate "2023.10.19"]
[SourceQuality "1"]

1. d4 f5 2. c4 Nf6 3. Nc3 e6 4. Nf3 Bb4 5. Bd2 b6 6. Rc1 Bb7 7. e3 0-0 8. Be2 Bxc3 9. Bxc3 a5 10. 0-0 Qe8 11. b3 Qe7 12. Ne5 d6 13. Nd3 Nbd7 14. Qc2 Rfe8 15. Nf4 Nf8 16. d5 Ne4 17. Bb2 e5 18. Nh5 Bc8 19. f3 Nc5 20. f4 Ng6 21. Ng3 Bd7 22. Rf2 exf4 23. exf4 Qe3 24. Nf1 Qe7 25. Re1 Qf8 26. Ng3 Re7 27. Rff1 Rae8 28. Nh5 Nh4 29. Qd1 Ne4 30. g3 Ng6 31. Bd3 Nc5 32. Bc2 b5 33. Bd4 b4 34. Qa1 h6 35. Rxe7 Rxe7 36. Re1 Ne4 37. Bxg7 Rxg7 38. Bxe4 fxe4 39. Nf6+ Kf7 40. Nxd7 Qd8 41. f5 Nf4 42. Rxe4 Nh3+ 43. Kg2 Ng5 44. Re6 Qxd7 45. h4 Qd8 46. hxg5 Qxg5 47. Qe1 Qxf5 48. Rxh6 Qc2+ 49. Qf2+ Qxf2+ 50. Kxf2 Kg8 51. Re6 Rh7 52. Kg2 Kf7 53. c5 Rh5 54. cxd6 c5 55. Re7+ Kf6 56. Ra7 Rxd5 57. Rxa5 Ke6 58. Ra6 Rd3 59. Kh3 Rd1 60. g4 Ra1 61. Kg2 Kd7 62. g5 c4 63. bxc4 b3 64. Rb6 bxa2 65. Ra6 Re1 66. Rxa2 1-0

[Event "LSS No Engine Cup 226 Preliminary 0"]
[Site "LSS email"]
[Date "2022.03.27"]
[Round "?"]
[White "Hoehne, Volkmar"]
[Black "Wuttke, Bodo"]
[Result "1/2-1/2"]
[WhiteElo "2126"]
[BlackElo "2111"]
[PlyCount "73"]
[EventDate "2022.03.27"]
[EventType "tourn (corr)"]
[EventRounds "6"]
[EventCountry "GER"]
[SourceTitle "Corr 2024"]
[Source "ChessBase"]
[SourceDate "2023.10.19"]
[SourceVersion "1"]
[SourceVersionDate "2023.10.19"]
[SourceQuality "1"]

1. e4 e6 2. d4 d5 3. e5 c5 4. c3 Bd7 5. Nf3 Nc6 6. Be2 Nge7 7. Na3 Nf5 8. Nc2 cxd4 9. cxd4 Be7 10. 0-0 0-0 11. Bd3 f6 12. Bf4 fxe5 13. Nxe5 Rc8 14. Qd2 a5 15. Rac1 Nd6 16. b3 Rxf4 17. Qxf4 Bg5 18. Nxc6 Rxc6 19. Qe5 Bxc1 20. Rxc1 Qf6 21. Rd1 Be8 22. Ne3 Bg6 23. Ng4 Qe7 24. Bxg6 hxg6 25. Qe1 Rc2 26. Qxa5 Ne4 27. f3 Nc3 28. Ne3 Nxd1 29. Nxc2 Qg5 30. Qe1 Qc1 31. Nb4 Qa1 32. Qd2 Ne3+ 33. Kf2 Nf5 34. g4 Nxd4 35. f4 Nc6 36. Nxc6 bxc6 37. b4 1/2-1/2

[Event "LSS No Engine Cup 226 Preliminary 0"]
[Site "LSS email"]
[Date "2022.03.27"]
[Round "?"]
[White "Wuttke, Bodo"]
[Black "Maly, Marian"]
[Result "1-0"]
[WhiteElo "2111"]
[BlackElo "1155"]
[PlyCount "45"]
[EventDate "2022.03.27"]
[EventType "tourn (corr)"]
[EventRounds "6"]
[EventCountry "GER"]
[SourceTitle "Corr 2024"]
[Source "ChessBase"]
[SourceDate "2023.10.19"]
[SourceVersion "1"]
[SourceVersionDate "2023.10.19"]
[SourceQuality "1"]

1. d4 d5 2. c4 c6 3. cxd5 cxd5 4. Nc3 e6 5. Bf4 Bb4 6. e3 Qa5 7. Nge2 Nf6 8. a3 Be7 9. b4 Qd8 10. Nb5 0-0 11. Nc7 Na6 12. Nxa8 Bd7 13. Ng3 Qxa8 14. b5 Nb8 15. Bd3 Be8 16. 0-0 b6 17. Qc2 Bd7 18. Rfc1 g6 19. a4 Ng4 20. Qc7 Rc8 21. Qxc8+ Bxc8 22. Rxc8+ Bf8 23. Rxb8 1-0

[Event "LSS No Engine Cup 226 Preliminary 0"]
[Site "LSS email"]
[Date "2022.03.27"]
[Round "?"]
[White "Wuttke, Bodo"]
[Black "Nemchenko, Valery"]
[Result "1-0"]
[WhiteElo "2111"]
[BlackElo "1430"]
[PlyCount "37"]
[EventDate "2022.03.27"]
[EventType "tourn (corr)"]
[EventRounds "6"]
[EventCountry "GER"]
[SourceTitle "Corr 2024"]
[Source "ChessBase"]
[SourceDate "2023.10.19"]
[SourceVersion "1"]
[SourceVersionDate "2023.10.19"]
[SourceQuality "1"]

1. d4 Nf6 2. c4 e6 3. Nc3 Bb4 4. Nf3 0-0 5. Bg5 a6 6. e3 h6 7. Bh4 d5 8. Qb3 Be7 9. Bxf6 Bxf6 10. cxd5 c6 11. dxe6 fxe6 12. Bd3 a5 13. Rd1 Na6 14. Bb1 Kh8 15. Qc2 Kg8 16. Ne5 Bxe5 17. Qh7+ Kf7 18. Bg6+ Ke7 19. dxe5 1-0

[Event "LSS No Engine Cup 220 Final"]
[Site "LSS email"]
[Date "2022.02.19"]
[Round "?"]
[White "Kolanek, Sylwia"]
[Black "Wuttke, Bodo"]
[Result "1/2-1/2"]
[WhiteElo "2172"]
[BlackElo "2109"]
[PlyCount "83"]
[EventDate "2022.02.19"]
[EventType "tourn (corr)"]
[EventRounds "6"]
[EventCountry "GER"]
[SourceTitle "Corr 2024"]
[Source "ChessBase"]
[SourceDate "2023.10.19"]
[SourceVersion "1"]
[SourceVersionDate "2023.10.19"]
[SourceQuality "1"]

1. e4 e6 2. d4 d5 3. Nc3 Nf6 4. Bg5 Bb4 5. e5 h6 6. Bd2 Bxc3 7. bxc3 Ne4 8. Qg4 Kf8 9. h4 c5 10. Bd3 Nxd2 11. Kxd2 c4 12. Be2 Nc6 13. a4 a6 14. Nf3 Bd7 15. Qf4 b5 16. g4 Rb8 17. axb5 axb5 18. Rhb1 Kg8 19. h5 Qf8 20. Qe3 Qe7 21. Ra6 g5 22. Ne1 Kg7 23. f4 Rhc8 24. fxg5 Qxg5 25. Qxg5+ hxg5 26. Rba1 Kh6 27. Nf3 Be8 28. R6a3 Rc7 29. R3a2 Rcb7 30. Ng1 Rc7 31. Ra3 b4 32. Ra8 Rxa8 33. Rxa8 Bd7 34. Nf3 Rb7 35. cxb4 Rxb4 36. Bd1 Rb7 37. Ra6 Rb8 38. Ke3 Rb7 39. Kd2 Rb8 40. Ra1 Rb7 41. Be2 Rb8 42. Bd1 1/2-1/2

[Event "LSS No Engine Cup 220 Final"]
[Site "LSS email"]
[Date "2022.02.19"]
[Round "?"]
[White "Orlov, Vladimir"]
[Black "Wuttke, Bodo"]
[Result "1-0"]
[WhiteElo "2179"]
[BlackElo "2109"]
[PlyCount "163"]
[EventDate "2022.02.19"]
[EventType "tourn (corr)"]
[EventRounds "6"]
[EventCountry "GER"]
[SourceTitle "Corr 2024"]
[Source "ChessBase"]
[SourceDate "2023.10.19"]
[SourceVersion "1"]
[SourceVersionDate "2023.10.19"]
[SourceQuality "1"]

1. e4 e6 2. d4 d5 3. Nc3 Nf6 4. Bg5 Bb4 5. e5 h6 6. Bd2 Bxc3 7. bxc3 Ne4 8. Bc1 Nxc3 9. Qg4 g6 10. Ne2 Nxe2 11. Bxe2 b6 12. h4 Ba6 13. h5 Bxe2 14. Kxe2 g5 15. f4 Nc6 16. fxg5 hxg5 17. c3 Kd7 18. Bxg5 Qg8 19. Rh4 Qh7 20. Qf3 Qc2+ 21. Bd2 Qb2 22. Qf1 Raf8 23. h6 Qc2 24. g4 Qe4+ 25. Kd1 Na5 26. Qe2 Qh7 27. g5 Nc4 28. Bc1 Rhg8 29. Qc2 Rg6 30. Rh1 Kc6 31. a4 Qg8 32. Qf2 Qh7 33. Rh2 Kb7 34. Ra2 Rh8 35. Rh3 Qg8 36. Qg2 Rh7 37. Bf4 Rh8 38. Rg3 Qe8 39. Qe2 Qg8 40. Qd3 Qe8 41. Bc1 Qg8 42. Rh2 Qe8 43. Qc2 Qg8 44. Rgg2 Qe8 45. Rf2 Qg8 46. Rh5 Qe8 47. Rf3 Qg8 48. Ke1 Kc6 49. Qf2 Rh7 50. Rf6 Rxf6 51. Qxf6 Kb7 52. Rh2 Qe8 53. Ra2 a5 54. Qf3 Qg8 55. Qd3 Rh8 56. Kf1 Kb8 57. Rh2 Kb7 58. Kg2 Nb2 59. Qc2 Nc4 60. Kg3 Kb8 61. Kh4 Qd8 62. Kh5 Qe8 63. Rf2 Ka7 64. Rf6 Ka6 65. Kh4 Qd7 66. Bf4 Kb7 67. Qd1 Nb2 68. Qf1 Nxa4 69. Bd2 Rh7 70. Qb1 Rh8 71. Qf1 Rh7 72. Qd3 Rh8 73. Qf3 Rh7 74. c4 c6 75. Qd3 Rh8 76. cxd5 cxd5 77. Qf1 Rh7 78. Bxa5 Ka7 79. Bb4 Qe8 80. Qb1 Rh8 81. Kh5 Kb7 82. Qc2 1-0

[Event "LSS No Engine Cup 220 Final"]
[Site "LSS email"]
[Date "2022.02.19"]
[Round "?"]
[White "Wuttke, Bodo"]
[Black "Cordes, Michael"]
[Result "1/2-1/2"]
[WhiteElo "2109"]
[BlackElo "1136"]
[PlyCount "50"]
[EventDate "2022.02.19"]
[EventType "tourn (corr)"]
[EventRounds "6"]
[EventCountry "GER"]
[SourceTitle "Corr 2024"]
[Source "ChessBase"]
[SourceDate "2023.10.19"]
[SourceVersion "1"]
[SourceVersionDate "2023.10.19"]
[SourceQuality "1"]

1. d4 e6 2. c4 Nf6 3. Nc3 Bb4 4. Qc2 d5 5. cxd5 exd5 6. Bf4 c5 7. dxc5 Qa5 8. e3 Nc6 9. Nf3 Bf5 10. Bd3 Bxc3+ 11. bxc3 Bxd3 12. Qxd3 Qxc5 13. 0-0 0-0 14. Nd4 b6 15. Rfd1 h6 16. Nxc6 Qxc6 17. Be5 Rfd8 18. Qd4 Rac8 19. Bxf6 Qxf6 20. Qxf6 gxf6 21. Rd3 Rc5 22. g3 Rdc8 23. Rad1 Ra5 24. R1d2 Rcc5 25. Kg2 Kg7 1/2-1/2

[Event "LSS No Engine Cup 225 Preliminary 0"]
[Site "LSS email"]
[Date "2022.02.02"]
[Round "?"]
[White "Wuttke, Bodo"]
[Black "Rosenthal, Alexander"]
[Result "1-0"]
[WhiteElo "2144"]
[BlackElo "1857"]
[PlyCount "35"]
[EventDate "2022.02.02"]
[EventType "tourn (corr)"]
[EventRounds "6"]
[EventCountry "GER"]
[SourceTitle "Corr 2024"]
[Source "ChessBase"]
[SourceDate "2023.10.19"]
[SourceVersion "1"]
[SourceVersionDate "2023.10.19"]
[SourceQuality "1"]

1. d4 d5 2. c4 e6 3. Nc3 Nf6 4. Nf3 c6 5. cxd5 exd5 6. Bf4 g6 7. h3 Bg7 8. e3 0-0 9. Bd3 Nbd7 10. 0-0 Qb6 11. a3 Nh5 12. Bh2 Re8 13. b4 a6 14. Qb3 Nf8 15. a4 Be6 16. Rfe1 f5 17. b5 axb5 18. axb5 1-0

[Event "LSS No Engine Cup 224 Preliminary 0"]
[Site "LSS email"]
[Date "2022.01.08"]
[Round "?"]
[White "Jouanny, Sebastien"]
[Black "Wuttke, Bodo"]
[Result "1/2-1/2"]
[WhiteElo "1600"]
[BlackElo "2138"]
[PlyCount "118"]
[EventDate "2022.01.08"]
[EventType "tourn (corr)"]
[EventRounds "6"]
[EventCountry "GER"]
[SourceTitle "Corr 2024"]
[Source "ChessBase"]
[SourceDate "2023.10.19"]
[SourceVersion "1"]
[SourceVersionDate "2023.10.19"]
[SourceQuality "1"]

1. e4 e6 2. d4 d5 3. Nd2 c5 4. Ngf3 Nc6 5. exd5 exd5 6. Bb5 Qe7+ 7. Be2 Qc7 8. 0-0 Nf6 9. Re1 cxd4 10. Nb3 Bb4 11. Bd2 Bxd2 12. Qxd2 0-0 13. Nfxd4 Bd7 14. Nxc6 bxc6 15. c4 Rab8 16. Nc5 Rbd8 17. Qc2 Rfe8 18. h3 Qb6 19. Nxd7 Nxd7 20. cxd5 cxd5 21. Bf3 Ne5 22. Be2 d4 23. Rad1 Qa5 24. Qb1 Re6 25. b4 Qd5 26. Bd3 Nxd3 27. Rxd3 h6 28. a3 Rc8 29. Red1 Rg6 30. g3 Rc4 31. Qb2 Re6 32. Kh2 Re4 33. Rc1 Re2 34. Qxe2 Rxc1 35. Qf3 Qxf3 36. Rxf3 f6 37. Rf5 Kf7 38. Rd5 Rc4 39. Kg2 Ke6 40. Rd8 Ke5 41. Re8+ Kd5 42. Re7 a6 43. Kf1 Rc1+ 44. Ke2 Rc2+ 45. Ke1 Kc4 46. Rxg7 Kd3 47. f4 Rc1+ 48. Kf2 Kc2 49. Rc7+ Kd2 50. Ra7 Rc6 51. a4 d3 52. b5 Rc2 53. Rxa6 Kc1+ 54. Ke3 d2 55. Rd6 d1Q 56. Rxd1+ Kxd1 57. Ke4 Rc3 58. Kf5 Rxg3 59. Kxf6 Rxh3 1/2-1/2

[Event "LSS No Engine Cup 224 Preliminary 0"]
[Site "LSS email"]
[Date "2022.01.08"]
[Round "?"]
[White "Lonyuk, Bohdan"]
[Black "Wuttke, Bodo"]
[Result "0-1"]
[WhiteElo "1709"]
[BlackElo "2138"]
[PlyCount "96"]
[EventDate "2022.01.08"]
[EventType "tourn (corr)"]
[EventRounds "6"]
[EventCountry "GER"]
[SourceTitle "Corr 2024"]
[Source "ChessBase"]
[SourceDate "2023.10.19"]
[SourceVersion "1"]
[SourceVersionDate "2023.10.19"]
[SourceQuality "1"]

1. e4 e6 2. d4 d5 3. Nd2 c5 4. Ngf3 Nc6 5. exd5 exd5 6. Bb5 Qe7+ 7. Be2 Qc7 8. 0-0 Nf6 9. Re1 cxd4 10. Nb3 Bb4 11. Bd2 Bxd2 12. Qxd2 0-0 13. Nfxd4 Bd7 14. Nxc6 bxc6 15. c4 Rab8 16. Nc5 Rbd8 17. cxd5 Bg4 18. Bf1 Rxd5 19. Qc3 Rfd8 20. b4 h6 21. a3 Bf5 22. Rac1 Rd2 23. g3 Bg6 24. h3 Kh7 25. Qf3 Rb2 26. Na4 Ra2 27. Bc4 Rad2 28. Nc5 Kg8 29. Nb3 R2d6 30. Bf1 Nd5 31. Nc5 Rf6 32. Qe2 Qc8 33. Bg2 Bf5 34. Kh2 Rfd6 35. Qf3 Rf6 36. Qe2 Rfd6 37. Qe5 Bg6 38. b5 cxb5 39. Bxd5 Rxd5 40. Qe3 Qa8 41. Na6 Rd3 42. Qc5 Qf3 43. Nc7 Rd2 44. Kg1 R8d4 45. Re8+ Kh7 46. Rf1 Rxf2 47. Rxf2 Rd1+ 48. Kh2 Rh1# 0-1

[Event "LSS No Engine Cup 224 Preliminary 0"]
[Site "LSS email"]
[Date "2022.01.08"]
[Round "?"]
[White "Newton, Daryl"]
[Black "Wuttke, Bodo"]
[Result "0-1"]
[WhiteElo "977"]
[BlackElo "2138"]
[PlyCount "76"]
[EventDate "2022.01.08"]
[EventType "tourn (corr)"]
[EventRounds "6"]
[EventCountry "GER"]
[SourceTitle "Corr 2024"]
[Source "ChessBase"]
[SourceDate "2023.10.19"]
[SourceVersion "1"]
[SourceVersionDate "2023.10.19"]
[SourceQuality "1"]

1. d4 Nf6 2. Nf3 e6 3. Bf4 d5 4. Nc3 Bb4 5. e3 Ne4 6. Bb5+ c6 7. 0-0 Bxc3 8. Bd3 Bxb2 9. Rb1 Nc3 10. Qd2 Nxb1 11. Rxb1 Ba3 12. Rb3 Be7 13. Be5 0-0 14. c3 c5 15. Bb1 Nc6 16. Qd3 g6 17. Bf4 c4 18. Qd1 cxb3 19. axb3 Qa5 20. Ng5 Qxc3 21. h4 Bd7 22. Bd3 Nb4 23. h5 Qxd3 24. Qg4 Qxb3 25. Qh3 Qd1+ 26. Kh2 Qxh5 27. Qxh5 gxh5 28. Nf3 a5 29. Bh6 a4 30. Ne5 Rfd8 31. Nf3 a3 32. Ne5 a2 33. Nxd7 Rxd7 34. Kh3 a1Q 35. Kg3 Qd1 36. Bf4 Qg4+ 37. Kh2 Qh4+ 38. Kg1 Ra1# 0-1

[Event "LSS No Engine Cup 222 Preliminary 0"]
[Site "LSS email"]
[Date "2021.10.23"]
[Round "?"]
[White "Wuttke, Bodo"]
[Black "Heiser, Jerome"]
[Result "1-0"]
[WhiteElo "2134"]
[BlackElo "732"]
[PlyCount "31"]
[EventDate "2021.10.23"]
[EventType "tourn (corr)"]
[EventRounds "6"]
[EventCountry "GER"]
[SourceTitle "Corr 2024"]
[Source "ChessBase"]
[SourceDate "2023.10.19"]
[SourceVersion "1"]
[SourceVersionDate "2023.10.19"]
[SourceQuality "1"]

1. d4 d5 2. c4 e6 3. Nc3 Bb4 4. Nf3 Bxc3+ 5. bxc3 h6 6. e3 Nf6 7. Ba3 Ne4 8. Bd3 Nxf2 9. Kxf2 Nc6 10. Rf1 e5 11. cxd5 Ne7 12. Nxe5 h5 13. Kg1 Qxd5 14. Rxf7 g5 15. Rxe7+ Kf8 16. Re6+ 1-0

[Event "LSS No Engine Cup 214 Final"]
[Site "LSS email"]
[Date "2021.10.05"]
[Round "?"]
[White "Langheld, Werner"]
[Black "Wuttke, Bodo"]
[Result "1-0"]
[WhiteElo "2059"]
[BlackElo "2125"]
[PlyCount "67"]
[EventDate "2021.10.05"]
[EventType "tourn (corr)"]
[EventRounds "6"]
[EventCountry "GER"]
[SourceTitle "Corr 2024"]
[Source "ChessBase"]
[SourceDate "2023.10.19"]
[SourceVersion "1"]
[SourceVersionDate "2023.10.19"]
[SourceQuality "1"]

1. e4 e6 2. d4 d5 3. Nc3 Nf6 4. Bg5 Bb4 5. e5 h6 6. Bd2 Bxc3 7. bxc3 Ne4 8. Qg4 Kf8 9. h4 c5 10. Rh3 Nc6 11. Bd3 Nxd2 12. Kxd2 c4 13. Be2 Bd7 14. Rg3 Rh7 15. a3 Qb6 16. Kc1 Ne7 17. Qf4 Rc8 18. h5 Qa5 19. Rf3 Be8 20. g4 Rc6 21. Kd2 Rb6 22. Nh3 Rb2 23. a4 Qb6 24. Kc1 a6 25. a5 Qb5 26. Qg3 g5 27. hxg6 Nxg6 28. Rf6 Rg7 29. Bd1 Rh7 30. f4 Ne7 31. f5 Ng8 32. fxe6 Nxf6 33. exf6 b6 34. g5 1-0

[Event "LSS No Engine Cup 214 Final"]
[Site "LSS email"]
[Date "2021.10.05"]
[Round "?"]
[White "Wuttke, Bodo"]
[Black "Cruz Ramirez, Eliecer"]
[Result "1/2-1/2"]
[WhiteElo "2125"]
[BlackElo "2083"]
[PlyCount "38"]
[EventDate "2021.10.05"]
[EventType "tourn (corr)"]
[EventRounds "6"]
[EventCountry "GER"]
[SourceTitle "Corr 2024"]
[Source "ChessBase"]
[SourceDate "2023.10.19"]
[SourceVersion "1"]
[SourceVersionDate "2023.10.19"]
[SourceQuality "1"]

1. d4 d5 2. c4 c6 3. cxd5 cxd5 4. Nc3 Nf6 5. Nf3 Nc6 6. Bf4 Bf5 7. Qb3 Na5 8. Qa4+ Bd7 9. Qc2 e6 10. e3 Nh5 11. Bg5 f6 12. Bh4 g5 13. Bg3 Kf7 14. Bd3 Nc6 15. a3 Rc8 16. h3 Nxg3 17. fxg3 Bd6 18. Qf2 Kg7 19. 0-0 Rf8 1/2-1/2

[Event "LSS No Engine Cup 214 Final"]
[Site "LSS email"]
[Date "2021.10.05"]
[Round "?"]
[White "Wuttke, Bodo"]
[Black "Vasseur, Olivier"]
[Result "1/2-1/2"]
[WhiteElo "2125"]
[BlackElo "2009"]
[PlyCount "115"]
[EventDate "2021.10.05"]
[EventType "tourn (corr)"]
[EventRounds "6"]
[EventCountry "GER"]
[SourceTitle "Corr 2024"]
[Source "ChessBase"]
[SourceDate "2023.10.19"]
[SourceVersion "1"]
[SourceVersionDate "2023.10.19"]
[SourceQuality "1"]

1. d4 Nf6 2. c4 e6 3. Nc3 Bb4 4. e3 0-0 5. Bd2 b6 6. a3 Bxc3 7. Bxc3 Bb7 8. Nf3 Ne4 9. Qc2 f5 10. Be2 d6 11. 0-0 Nd7 12. Be1 c5 13. dxc5 dxc5 14. Rd1 Qe7 15. Nd2 Ne5 16. f3 Nxd2 17. Rxd2 Rad8 18. Bg3 Rxd2 19. Qxd2 Rd8 20. Qc3 Ng6 21. Rd1 Rxd1+ 22. Bxd1 e5 23. b4 f4 24. exf4 Nxf4 25. Qe1 Kf7 26. Qd2 g5 27. Bc2 h6 28. Bf5 Kf6 29. Bb1 cxb4 30. axb4 Bc6 31. Be1 Qd7 32. Qxd7 Bxd7 33. g3 Ng6 34. Bd3 Bf5 35. Bf1 h5 36. Kf2 Nf8 37. Bc3 Ne6 38. Ke3 Bg6 39. Be2 Bh7 40. Bd1 Bf5 41. Ba4 h4 42. Bc6 hxg3 43. hxg3 Bc2 44. Be4 Bb3 45. Bd3 Ba4 46. Be2 Be8 47. Bd1 b5 48. c5 Nc7 49. Bd2 Nd5+ 50. Kf2 Bg6 51. Bb3 Ne7 52. Bc3 Be8 53. Bc2 Bc6 54. Bb1 a6 55. Bd2 Ba8 56. Be1 Bc6 57. Bd3 Bd5 58. Bc3 1/2-1/2

[Event "SB-2021-0-00621"]
[Site "LSS email"]
[Date "2021.08.29"]
[Round "?"]
[White "Wuttke, Bodo"]
[Black "Wittal, Werner"]
[Result "1/2-1/2"]
[WhiteElo "1949"]
[BlackElo "1938"]
[PlyCount "78"]
[EventDate "2021.07.19"]
[EventType "tourn (corr)"]
[EventRounds "6"]
[EventCountry "GER"]
[SourceTitle "Corr 2024"]
[Source "ChessBase"]
[SourceDate "2023.10.19"]
[SourceVersion "1"]
[SourceVersionDate "2023.10.19"]
[SourceQuality "1"]

1. d4 Nf6 2. c4 e6 3. Nc3 Bb4 4. e3 b6 5. Nge2 c5 6. a3 Ba5 7. Rb1 Na6 8. Ng3 Bb7 9. f3 0-0 10. Bd3 cxd4 11. exd4 Bxc3+ 12. bxc3 d5 13. cxd5 Nxd5 14. Qc2 Rc8 15. Bd2 h6 16. 0-0 Nb8 17. Rfc1 Nc6 18. Qb2 Nde7 19. Re1 Re8 20. Rbc1 Ng6 21. Bxg6 fxg6 22. Re4 Qc7 23. Qb1 Qd7 24. Rce1 e5 25. Qa2+ Kh7 26. dxe5 Rcd8 27. Bf4 Qe7 28. Ne2 Na5 29. Ra4 Bc6 30. Rb4 Bd5 31. Qa1 Nc6 32. Rbb1 Qc5+ 33. Nd4 Bc4 34. Kh1 Nxd4 35. cxd4 Qxd4 36. Bg3 Qxa1 37. Rxa1 g5 38. h3 Kg6 39. Red1 Rxd1+ 1/2-1/2

[Event "OP-2021-0-05179"]
[Site "LSS email"]
[Date "2021.08.25"]
[Round "?"]
[White "Van Boven, Maarten"]
[Black "Wuttke, Bodo"]
[Result "1/2-1/2"]
[WhiteElo "1821"]
[BlackElo "1949"]
[PlyCount "51"]
[EventDate "2021.08.20"]
[EventType "tourn (corr)"]
[EventRounds "4"]
[EventCountry "GER"]
[SourceTitle "Corr 2024"]
[Source "ChessBase"]
[SourceDate "2023.10.19"]
[SourceVersion "1"]
[SourceVersionDate "2023.10.19"]
[SourceQuality "1"]

1. d4 Nf6 2. c4 e6 3. Nf3 d5 4. Nc3 c6 5. e3 Nbd7 6. Bd3 dxc4 7. Bxc4 b5 8. Bd3 a6 9. e4 c5 10. e5 cxd4 11. Nxb5 Nxe5 12. Nxe5 axb5 13. Bxb5+ Bd7 14. Nxd7 Qa5+ 15. Bd2 Qxb5 16. Nxf8 Kxf8 17. a4 Qxb2 18. 0-0 h5 19. Qf3 Nd5 20. Rfd1 Qc2 21. a5 g6 22. Be1 Kg7 23. Rxd4 Rhb8 24. Rd3 Ra6 25. h3 Rb5 26. Qe4 1/2-1/2